[Event "Oberliga Wuerttemberg 1617"]
[Site "Wuerttemberg"]
[Date "2017.02.05"]
[Round "7.1"]
[White "Kabisch, Thilo"]
[Black "Gaehwiler, Gabriel"]
[Result "0-1"]
[WhiteElo "2309"]
[BlackElo "2410"]
[PlyCount "122"]
[EventDate "2016.09.25"]
[EventType "team-tourn"]
[EventRounds "11"]
[EventCountry "GER"]
[SourceTitle "EXT 2019"]
[Source "ChessBase"]
[SourceDate "2018.10.10"]
[SourceVersion "1"]
[SourceVersionDate "2018.10.10"]
[SourceQuality "1"]
[WhiteTeam "Schmiden Cannstatt"]
[BlackTeam "Boeblingen"]
[WhiteTeamCountry "GER"]
[BlackTeamCountry "GER"]

1. e4 c5 2. Nf3 d6 3. d4 cxd4 4. Nxd4 Nf6 5. Nc3 a6 6. Bc4 e6 7. a3 Be7 8. Ba2 0-0 9. 0-0 b5 10. Kh1 Bb7 11. f3 Nc6 12. Be3 Rc8 13. Qe1 Ne5 14. Nxe6 fxe6 15. Bxe6+ Kh8 16. Bxc8 Qxc8 17. Bd4 Nh5 18. a4 b4 19. Nd5 Bxd5 20. exd5 Qxc2 21. Rc1 Qg6 22. Bxe5 dxe5 23. Qxe5 Bd6 24. Qe6 Nf4 25. Qxg6 hxg6 26. g3 Nd3 27. Rc6 Rd8 28. b3 a5 29. f4 Be7 30. Rc7 Bf6 31. Rf3 Rxd5 32. Rc8+ Kh7 33. h4 Rc5 34. Ra8 Rc1+ 35. Kh2 Rc2+ 36. Kh3 Nf2+ 37. Kg2 Ne4+ 38. Kh3 Rc3 39. Kg2 Rxf3 40. Kxf3 Nd2+ 41. Ke3 Nxb3 42. Kd3 Nc5+ 43. Kc4 b3 44. Rxa5 b2 45. Rb5 Nxa4 46. Kd3 Nc5+ 47. Kc2 Ne4 48. g4 Bc3 49. g5 Nd2 50. Kxc3 b1Q 51. Rxb1 Nxb1+ 52. Kd3 Kg8 53. Ke4 Nd2+ 54. Ke3 Nc4+ 55. Kd4 Nd6 56. Ke5 Nf5 57. h5 Kf7 58. hxg6+ Kxg6 59. Ke6 Nh4 60. Ke5 Nf3+ 61. Ke4 Nxg5+ 0-1

[Event "GER CupT 1617 prel7"]
[Site "Sasbach"]
[Date "2017.01.28"]
[Round "1.1"]
[White "Winterberg, Lukas"]
[Black "Kabisch, Thilo"]
[Result "1/2-1/2"]
[WhiteElo "2406"]
[BlackElo "2303"]
[PlyCount "138"]
[EventDate "2017.01.28"]
[EventType "team-k.o."]
[EventRounds "2"]
[EventCountry "GER"]
[SourceTitle "EXT 2019"]
[Source "ChessBase"]
[SourceDate "2018.10.10"]
[SourceVersion "1"]
[SourceVersionDate "2018.10.10"]
[SourceQuality "1"]
[WhiteTeam "Heimbach Weis/Neuwied"]
[BlackTeam "Schmiden Cannstatt"]
[WhiteTeamCountry "GER"]
[BlackTeamCountry "GER"]

1. d4 Nf6 2. c4 g6 3. Nc3 Bg7 4. e4 0-0 5. Be2 c5 6. Nf3 d6 7. 0-0 Bg4 8. dxc5 dxc5 9. Be3 Nfd7 10. Ng5 Bxe2 11. Qxe2 Nc6 12. f4 Nd4 13. Qd2 Nb6 14. b3 a5 15. e5 a4 16. Rab1 axb3 17. axb3 f6 18. exf6 Bxf6 19. Nge4 Nd7 20. Nxf6+ Nxf6 21. Rfd1 Nh5 22. Bxd4 Qxd4+ 23. Qxd4 cxd4 24. Rxd4 Nxf4 25. Rd7 Rfd8 26. Rbd1 Rxd7 27. Rxd7 Ra1+ 28. Kf2 Rc1 29. Ne4 Rc2+ 30. Kf3 Nxg2 31. Rxe7 b6 32. Rb7 Ne1+ 33. Kf4 Nd3+ 34. Kg5 Nc5 35. Nf6+ Kf8 36. Nxh7+ Ke8 37. Rxb6 Rg2+ 38. Kf4 Rxh2 39. Nf6+ Kd8 40. b4 Na4 41. Rd6+ Ke7 42. Ra6 Nb2 43. Nd5+ Kf7 44. c5 Rh4+ 45. Ke3 Nc4+ 46. Kd3 Ne5+ 47. Kc3 g5 48. Rf6+ Kg7 49. Rf5 Rh3+ 50. Kc2 Nf3 51. Kb2 g4 52. Ne3 Ne1 53. Nxg4 Nd3+ 54. Kc3 Nxc5+ 55. Kc4 Ne4 56. Nf2 Nd6+ 57. Kd5 Rh4 58. Rg5+ Kf7 59. Ng4 Nb5 60. Ne5+ Kf6 61. Rg4 Rxg4 62. Nxg4+ Ke7 63. Ne5 Kd8 64. Kc5 Na3 65. Nc4 Nxc4 66. Kxc4 Kc8 67. Kd5 Kd7 68. b5 Kc7 69. b6+ Kxb6 1/2-1/2

[Event "Oberliga Wuerttemberg 1617"]
[Site "Wuerttemberg"]
[Date "2017.01.15"]
[Round "6.1"]
[White "Braun, Georg"]
[Black "Kabisch, Thilo"]
[Result "1-0"]
[WhiteElo "2237"]
[BlackElo "2309"]
[PlyCount "99"]
[EventDate "2016.09.25"]
[EventType "team-tourn"]
[EventRounds "11"]
[EventCountry "GER"]
[SourceTitle "EXT 2019"]
[Source "ChessBase"]
[SourceDate "2018.10.10"]
[SourceVersion "1"]
[SourceVersionDate "2018.10.10"]
[SourceQuality "1"]
[WhiteTeam "Bebenhausen"]
[BlackTeam "Schmiden Cannstatt"]
[WhiteTeamCountry "GER"]
[BlackTeamCountry "GER"]

1. e4 c5 2. Nf3 Nc6 3. Bb5 Qb6 4. Nc3 e6 5. 0-0 Nge7 6. b3 Nd4 7. a4 a6 8. Bc4 Nec6 9. Nxd4 cxd4 10. Ne2 Be7 11. Bb2 0-0 12. c3 Na5 13. Qc2 d5 14. exd5 exd5 15. Bxd5 Rd8 16. Be4 Nxb3 17. Rab1 f5 18. Ba3 d3 19. Bxd3 Bxa3 20. Rxb3 Qd6 21. Bxf5 Bxf5 22. Qxf5 Qxd2 23. Qe6+ Kh8 24. Rxa3 Re8 25. Ra2 Qd3 26. Qg4 Re4 27. Qf3 Qc4 28. Rb2 Rae8 29. Ng3 Rf4 30. Rb4 Rxf3 31. Rxc4 Rf7 32. h3 g6 33. Rd1 Kg7 34. Rcd4 Ree7 35. Ne4 Rc7 36. f3 Rfe7 37. R1d3 Kf7 38. Kh2 h6 39. Rd6 Rc4 40. R3d4 Rec7 41. Rf6+ Kg7 42. Rdd6 Rxa4 43. Rxg6+ Kf8 44. Rxh6 Ra2 45. Rh8+ Kg7 46. Rhd8 Rb2 47. h4 a5 48. h5 Rb5 49. h6+ Kh7 50. Nf6+ 1-0

[Event "GER-ch 87th"]
[Site "Luebeck"]
[Date "2016.10.28"]
[Round "8"]
[White "Schulz, Karsten"]
[Black "Kabisch, Thilo"]
[Result "1/2-1/2"]
[WhiteElo "2283"]
[BlackElo "2309"]
[PlyCount "80"]
[EventDate "2016.10.21"]
[EventType "swiss"]
[EventRounds "9"]
[EventCountry "GER"]
[SourceTitle "EXT 2018"]
[Source "ChessBase"]
[SourceDate "2017.10.13"]
[SourceVersion "1"]
[SourceVersionDate "2017.10.13"]
[SourceQuality "1"]

1. d4 Nf6 2. Bf4 d6 3. e3 g6 4. Nf3 Bg7 5. Be2 Nbd7 6. h3 b6 7. 0-0 Bb7 8. c4 0-0 9. Nc3 Re8 10. Qc2 e5 11. Bh2 exd4 12. Nxd4 Nc5 13. Rad1 Nfe4 14. Nd5 a5 15. f3 Ng5 16. e4 Nge6 17. Nxe6 Nxe6 18. Bd3 Rc8 19. Kh1 c6 20. Nf4 Nxf4 21. Bxf4 d5 22. Qb3 Ba8 23. cxd5 cxd5 24. Bb5 Qh4 25. Bh2 Red8 26. exd5 a4 27. Bxa4 Bxd5 28. Rxd5 Rxd5 29. Qxd5 Qxa4 30. Qb7 Qc4 31. Rd1 Bxb2 32. Qxb6 Qxa2 33. Rd8+ Rxd8 34. Qxd8+ Kg7 35. Qd1 Qa1 36. Qxa1 Bxa1 37. Bg1 Bb2 38. Bh2 Ba1 39. Bg1 Bb2 40. Bh2 Ba1 1/2-1/2

[Event "GER-ch 87th"]
[Site "Luebeck"]
[Date "2016.10.25"]
[Round "5"]
[White "Kabisch, Thilo"]
[Black "Kololli, Martin"]
[Result "0-1"]
[WhiteElo "2309"]
[BlackElo "2202"]
[PlyCount "122"]
[EventDate "2016.10.21"]
[EventType "swiss"]
[EventRounds "9"]
[EventCountry "GER"]
[SourceTitle "EXT 2018"]
[Source "ChessBase"]
[SourceDate "2017.10.13"]
[SourceVersion "1"]
[SourceVersionDate "2017.10.13"]
[SourceQuality "1"]

1. e4 e5 2. Nf3 Nc6 3. Bb5 a6 4. Ba4 d6 5. c3 Bd7 6. 0-0 Nge7 7. d4 g6 8. c4 exd4 9. Nxd4 Bg7 10. Be3 0-0 11. Nc3 Re8 12. Bc2 Ne5 13. Bb3 N7c6 14. Nxc6 Nxc6 15. Qd2 Be6 16. Nd5 Bxd5 17. exd5 Ne5 18. Rac1 Qh4 19. Bg5 Qg4 20. f4 Nd7 21. Bd1 Qf5 22. Bc2 Qg4 23. Rce1 Nb6 24. b3 h6 25. Be7 Qd7 26. Bh4 Rxe1 27. Rxe1 Re8 28. h3 Rxe1+ 29. Qxe1 Kf8 30. a4 Qe8 31. Qd2 Nd7 32. a5 Nc5 33. Qe1 Bd4+ 34. Kf1 Be3 35. b4 Nd7 36. Bg3 Qe7 37. Ba4 Nf6 38. Qc3 Kg8 39. Bc2 Nh5 40. Qe1 Nxg3+ 41. Qxg3 Bd2 42. Bxg6 fxg6 43. Qxg6+ Qg7 44. Qe8+ Qf8 45. Qe6+ Qf7 46. Qc8+ Kh7 47. g3 Bxb4 48. Qxb7 Bc5 49. Qc8 h5 50. Kg2 Qe7 51. Qf5+ Kh6 52. Kf1 Bb4 53. g4 hxg4 54. hxg4 Bxa5 55. Qh5+ Kg7 56. f5 Qe1+ 57. Kg2 Qd2+ 58. Kf1 Qh6 59. Qe8 Qh3+ 60. Kf2 Bb6+ 61. Ke1 Qe3+ 0-1

[Event "GER-ch 87th"]
[Site "Luebeck"]
[Date "2016.10.24"]
[Round "4"]
[White "Rehberg, Raphael"]
[Black "Kabisch, Thilo"]
[Result "0-1"]
[WhiteElo "2232"]
[BlackElo "2309"]
[PlyCount "160"]
[EventDate "2016.10.21"]
[EventType "swiss"]
[EventRounds "9"]
[EventCountry "GER"]
[SourceTitle "EXT 2018"]
[Source "ChessBase"]
[SourceDate "2017.10.13"]
[SourceVersion "1"]
[SourceVersionDate "2017.10.13"]
[SourceQuality "1"]

1. e4 c5 2. Nf3 Nc6 3. Bb5 Qb6 4. Bxc6 Qxc6 5. Qe2 Nf6 6. e5 Nd5 7. d4 e6 8. 0-0 b5 9. c3 Bb7 10. Na3 c4 11. Nc2 Be7 12. Nfe1 0-0 13. f4 f6 14. Ne3 a5 15. a3 Rf7 16. Nxd5 Qxd5 17. exf6 Rxf6 18. Qf3 Raf8 19. Qxd5 Bxd5 20. Nf3 h6 21. Ne5 Rd8 22. Ng4 Rg6 23. Ne3 Be4 24. Rf2 Bd3 25. Bd2 Rf8 26. Re1 Bd6 27. Nd1 Rgf6 28. g3 Bc7 29. Ne3 h5 30. h4 Bb6 31. Nf1 d6 32. Be3 Rg6 33. Kh2 Ba7 34. Nd2 Rgf6 35. Nf3 Be4 36. Ng5 Bd5 37. Kg1 Rb8 38. Rfe2 g6 39. Bd2 Re8 40. Ne4 Bxe4 41. Rxe4 Kf7 42. Kg2 d5 43. R4e2 Rb8 44. Ra1 Rb7 45. Kf3 Rb8 46. Ree1 Bb6 47. Ra2 Bc7 48. Raa1 Bd6 49. Ke2 Ke7 50. Reb1 Rff8 51. Ra2 Rb6 52. Rba1 Kf6 53. Rb1 Ra8 54. Rba1 Kf5 55. Kf3 Rba6 56. Be3 R6a7 57. Bd2 Rb8 58. Be3 Rab7 59. Bd2 Be7 60. Be3 Bf6 61. Bd2 b4 62. axb4 axb4 63. Ra8 bxc3 64. Bxc3 Rxb2 65. Bxb2 Rb3+ 66. Kg2 Rxb2+ 67. Kf3 Rb3+ 68. Kg2 Bxd4 69. Re1 Kg4 70. Rxe6 Rxg3+ 71. Kh2 Kxh4 72. Rd6 Bg1+ 73. Kh1 d4 74. Rc8 Be3 75. Kh2 c3 76. Rf6 Rg4 77. f5 g5 78. Re6 Rf4 79. f6 Rf2+ 80. Kh1 Kg3 0-1

[Event "Oberliga Wuerttemberg 1617"]
[Site "Wuerttemberg"]
[Date "2016.10.16"]
[Round "2.1"]
[White "Hasenohr, Benedict"]
[Black "Kabisch, Thilo"]
[Result "1-0"]
[WhiteElo "2240"]
[BlackElo "2309"]
[PlyCount "137"]
[EventDate "2016.09.25"]
[EventType "team-tourn"]
[EventRounds "11"]
[EventCountry "GER"]
[SourceTitle "EXT 2019"]
[Source "ChessBase"]
[SourceDate "2018.10.10"]
[SourceVersion "1"]
[SourceVersionDate "2018.10.10"]
[SourceQuality "1"]
[WhiteTeam "Weiler im Allgaeu"]
[BlackTeam "Schmiden Cannstatt"]
[WhiteTeamCountry "GER"]
[BlackTeamCountry "GER"]

1. d4 Nf6 2. c4 g6 3. Nc3 Bg7 4. e4 d6 5. Be2 0-0 6. Nf3 e5 7. 0-0 Nc6 8. d5 Ne7 9. Ne1 Ne8 10. Nd3 f5 11. Bd2 Kh8 12. Rc1 a5 13. Qe1 Nf6 14. exf5 gxf5 15. f4 e4 16. Nf2 Ng6 17. Be3 b6 18. Kh1 Qe7 19. Nb5 Rg8 20. g3 Qf7 21. Rg1 h5 22. Qf1 Ng4 23. Qh3 Nf8 24. Bxg4 fxg4 25. Qg2 Bf5 26. Rce1 Re8 27. Re2 Nd7 28. Nxc7 Rc8 29. Nb5 Rxc4 30. Nxd6 Qxd5 31. Rd2 Qe6 32. Nxc4 Qxc4 33. Qf1 Qb4 34. Rd5 Rf8 35. Qb5 Nc5 36. Qxb4 axb4 37. b3 Bc3 38. Rgd1 Nd3 39. Bxb6 Rf6 40. Be3 Kh7 41. Kg1 Ne1 42. Rxf5 Rxf5 43. Nxe4 Nf3+ 44. Kf2 Bg7 45. h3 Ra5 46. hxg4 hxg4 47. Bc5 Rxa2+ 48. Ke3 Rb2 49. Rd3 Ne1 50. Ng5+ Kg6 51. Rd6+ Kh5 52. Rd7 Bf6 53. Nh7 Kg6 54. Nf8+ Kf5 55. Rd5+ Be5 56. Rxe5+ Kf6 57. Nd7+ Kf7 58. Re7+ Kg6 59. Rg7+ Kf5 60. Rg5+ Ke6 61. Nf8+ Kf7 62. Rf5+ Ke8 63. Re5+ Kd8 64. Ne6+ Kd7 65. Nd4 Rg2 66. Ke4 Rxg3 67. Kd5 Nd3 68. Re7+ Kc8 69. Kc6 1-0